Los micos de Colombia / (Registro nro. 3516)
[ vista simple ]
| 000 -CABECERA | |
|---|---|
| Campo de control | 00769nam a2200241 a 4500 |
| 005 - FECHA Y HORA DE LA ULTIMA TRANSACCION | |
| Campo de control | 20200104041540.0 |
| 008 - ELEMENTOS DE LONGITUD FIJA—INFORMACION GENERAL | |
| Campo de control | 140122b2003 ck ||||| |||| 00| 0 spa d |
| 040 ## - FUENTE DE CATALOGACIÓN | |
| Agencia transcriptora | CO-BoIH |
| Agencia catalogadora original | CO-BoIAVH |
| 041 ## - IDIOMA | |
| Código de idioma para texto/pista de sonido o título separado | Español |
| 044 ## - PAÍS DE PUBLICACIÓN | |
| País de publicación | Colombia |
| 090 ## - CLASIFICACIÓN LOCAL | |
| Colección | IAVH |
| Consecutivo | 00241 |
| 100 1# - ASIENTO PRINCIPAL--NOMBRE PERSONAL | |
| Nombre personal | Bennett, Sara E. |
| 9 (RLIN) | 4685 |
| 245 10 - MENCION DE TITULO | |
| Título | Los micos de Colombia / |
| Parte restante del título | Sara Bennett |
| 260 ## - PUBLICACION, DISTRIBUCION, ETC. (PIE DE IMPRENTA) | |
| Lugar de publicación, distribución, etc. | Bogotá : |
| Nombre del editor, distribuidor, etc. | Instituto de Investigación de Recursos Biológicos Alexander von Humboldt, |
| -- | Fundación Tropenbos, |
| Fecha de publicación, distribución, etc. | 2003. |
| 300 ## - DESCRIPCION FISICA | |
| Extensión | 260 p. |
| Dimensiones | 23 cm. |
| 650 ## - ASIENTO SECUNDARIO DE MATERIA - TERMINO TEMATICO | |
| Término temático o nombre geográfico como elemento de entrada | Fauna |
| 9 (RLIN) | 83707 |
| 650 #6 - ASIENTO SECUNDARIO DE MATERIA - TERMINO TEMATICO | |
| Término temático o nombre geográfico como elemento de entrada | Primates |
| 9 (RLIN) | 83708 |
| 650 #6 - ASIENTO SECUNDARIO DE MATERIA - TERMINO TEMATICO | |
| Término temático o nombre geográfico como elemento de entrada | Conservación de biodiversidad |
| 9 (RLIN) | 345 |
| 650 #6 - ASIENTO SECUNDARIO DE MATERIA - TERMINO TEMATICO | |
| Término temático o nombre geográfico como elemento de entrada | Distribución geográfica de especies |
| 9 (RLIN) | 4687 |
| 650 #6 - ASIENTO SECUNDARIO DE MATERIA - TERMINO TEMATICO | |
| Término temático o nombre geográfico como elemento de entrada | Comportamiento animal |
| 9 (RLIN) | 4688 |
| 662 ## - ASIENTO SECUNDARIO DE MATERIA - JERARQUIA DEL NOMBRE DE LUGAR( | |
| País o entidad mayor | Colombia |
| 942 ## - ELEMENTOS ADICIONALES (KOHA) | |
| Tipo de ítem | Libro |
| Sistema de clasificación | Dewey Decimal Classification |
| Koha issues (borrowed), all copies | 1 |
| Withdrawn status | Lost status | Sistema de Clasificación | Damaged status | No para préstamo | Colección | Inventariado | Ubicación Permanente | Ubicación actual | Fecha de adquisición | Fuente de Valor | Valor | Total Checkouts | Número topográfico | Inventario / Código de Barras | Date last seen | Ejemplar | Price effective from | Forma de adquisición | Tipo de material | Date checked out | Public note |
|---|---|---|---|---|---|---|---|---|---|---|---|---|---|---|---|---|---|---|---|---|---|
| Dewey Decimal Classification | Humboldt | Inventariado 2017 | Bogotá | Bogotá | 04/03/2004 | Instituto | 30000.00 | IAVH-569.8 B47m | 018500 | 04/12/2012 | Ej. 1 | 04/12/2012 | Institucional | Libro | |||||||
| Dewey Decimal Classification | Humboldt | Inventariado 2017 | Bogotá | Bogotá | 04/03/2004 | Instituto | 30000.00 | IAVH-569.8 B47m | 018501 | 04/12/2012 | Ej. 2 | 04/12/2012 | Institucional | Libro | |||||||
| Dewey Decimal Classification | Humboldt | Inventariado 2017 | Bogotá | Bogotá | 29/08/2017 | Instituto | 30000.00 | 1 | IAVH-569.8 B47m | 041105 | 02/05/2018 | Ej. 3 | 04/12/2012 | Institucional | Libro | 17/04/2018 | |||||
| Local | Audiovisual | Bogotá | Bogotá | 22/11/2013 | IAVH-00241 | 058798 | 22/11/2013 | Ej. 4 | 22/11/2013 | Institucional | CD-ROM | Parte 2 | |||||||||
| Local | Audiovisual | Bogotá | Bogotá | 22/11/2013 | IAVH-00241 | 058797 | 22/11/2013 | Ej. 5 | 22/11/2013 | Institucional | CD-ROM | Parte 1 | |||||||||
| Dewey Decimal Classification | Humboldt | Inventariado 2017 | Sala Fabio Quevedo | Sala Fabio Quevedo | 18/07/2014 | Instituto | 30000.00 | IAVH-569.8 B47m | 015085 | 04/12/2012 | Ej. 7 | 04/12/2012 | Institucional | Libro | |||||||
| Dewey Decimal Classification | Humboldt | Inventariado 2017 | Sala Fabio Quevedo | Sala Fabio Quevedo | 18/07/2014 | Instituto | 30000.00 | 1 | IAVH-569.8 B47m | 015084 | 04/09/2015 | Ej. 6 | 04/12/2012 | Libro | 04/09/2015 | ||||||
| Local | Humboldt | Inventariado 2017 | Villa de Leyva | Villa de Leyva | 04/03/2004 | Instituto | 30000.00 | IAVH-00241 | 015083 | 04/12/2012 | Ej. 1 | 04/12/2012 | Institucional | Libro |